Statystyki dla Quiz o Republice Zielonego Przylądka

Kliknij tutaj aby rozwiązać quiz!

Ogólne statystyki

  • Ten quiz został rozwiązany 639 razy
  • Średni wynik to 7 z 13

Statystyki odpowiedzi

WskazówkaOdpowiedź% Poprawnych
Język oficjalnyportugalski
93%
Najbliższe państwo kontynentalneSenegal
78%
StolicaPraia
70%
Populacja Republiki Zielonego Przylądka w 1400 roku0
65%
Republika Zielonego Przylądka jest jednym z
czterech archipelagów makaronezyjskich
na Oceanie Atlantyckim.
Wymień jednego z pozostałych.
Wyspy Kanaryjskie |
Azory | Madera
62%
Do XIX wieku Republika Zielonego
Przylądka była punktem zaopatrzenia w tym okrutnym handlu
Transatlantycki
handel {niewolnikami}
51%
Nazwa Republiki Zielonego Przylądka w powyższym językuCabo Verde
48%
Jakie jest dosłowne tłumaczenie powyższej nazwy?Zielony przylądek
48%
Największa i najbardziej zaludniona wyspa
(dzieli swoją nazwę z miastem Ameryki Południowej)
Santiago
42%
Najczęściej używany językkreolski Republiki
Zielonego Przylądka
31%
WalutaEscudo
30%
Jedyny ssak rodzimy na wyspach
(wskazówka: zastanów się, jak mógł się tam dostać)
Gacek szary
29%
Korsarz angielski, który zaatakował wyspy w 1585 rokuFrancis Drake
26%

Rozkład punktacji

Percentyl według liczby udzielonych odpowiedzi

Procent ludzi z każdym wynikiem

Twoja historia wyników

Nie rozwiązałeś tego quizu